000 01230cab a22002295a 4500
001 L147619
008 090529s2009 xxk f 000 0 eng d
035 _a(Sirsi) u147619
041 0 _aeng
100 1 _aDonohoe, Steve
245 0 4 _aThe new Construction Act 2009
_bimplications for building surveyors
260 _c2009
490 _aStructural Survey
_v27(1) 2009, 20-22(3)
520 _aDiscusses forthcoming changes to the Housing Grants Regeneration and Construction Act 1996. Concentrates on five key areas of construction contract administration which will be affected. These are; requirements for contracts to be in writing; changes to interim payment decisions by third parties; so called "Tollent" clauses and matters concerning adjudication and construction costs, cross contracts and payment.
590 _aKA
650 2 4 _aHOUSING GRANTS, CONSTRUCTION AND REGENERATION ACT 1996
650 2 4 _aCONSTRUCTION ACT 2009
651 4 _aEngland and Wales
_y1543-
690 _aBUILT ENVIRONMENT-CONSTRUCTION MANAGEMENT-BUILDING CONTRACT ADMINISTRATION
690 _aMANAGEMENT-DISPUTE AVOIDANCE, MANAGEMENT AND RESOLUTION-DISPUTE MANAGEMENT AND RESOLUTION-ALTERNATIVE DISPUTE RESOLUTION-ADJUDICATION
942 _n0
999 _c81585
_d81585